000 00672nam a2200265Ia 4500
001 226
005 20240113233405.0
007 ta
008 050106s2003 a g b000 u bod u
040 _aCotton College,Assam
041 _abod
082 _a891.493 B
_bLa 139 Al
100 _aLahary, M R.
245 0 _aAlaisri /
_cM.R Lahary.
_hTextual Documents
250 _a1st ed /
260 _aKokrajhar :
_bOnsumoi library ,
_c2003.
300 _a272p. :
_bill ;
_c22cm .
500 _aThis book is in bodo language
653 _aBodo novel
942 _2ddc
_cBK
999 _c226
_d226